Statistics for Largest lakes in the world

Click here to take the quiz!

General Stats

  • This quiz has been taken 15 times
  • The average score is 20 of 46

Answer Stats

AreaLocationAnswer% Correct
31,500 km2RussiaBaikal
100%
25,700 km2Canada, United StatesErie
100%
68,870 km2Tanzania, Uganda, KenyaVictoria
100%
59,600 km2Canada, United StatesHuron
93%
82,100 km2Canada, United StatesSuperior
93%
8,372 km2Peru, BoliviaTiticaca
93%
371,000 km2Kazakhstan, Turkmenistan, Azerbaijan, Russia, IranCaspian Sea
87%
29,500 km2Malawi, Mozambique, TanzaniaMalawi
87%
58,000 km2United, StatesMichigan
87%
18,960 km2Canada, United StatesOntario
87%
32,600 km2Tanzania, Democratic Republic of the Congo, Burundi, ZambiaTanganyika
87%
31,000 km2CanadaGreat Bear Lake
80%
8,264 km2NicaraguaNicaragua
80%
27,000 km2CanadaGreat Slave Lake
67%
24,514 km2CanadaWinnipeg
67%
17,891 km2RussiaLadoga
53%
9,700 km2RussiaOnega
47%
3,755 km2TurkeyVan
47%
12,500 km2AntarcticaVostok
47%
5,300 km2Uganda, Democratic Republic of the CongoAlbert
33%
7,850 km2CanadaAthabasca
33%
16,400 km2KazakhstanBalkhash
33%
4,350 km2Canada, United StatesLake of the Woods
33%
3,555 km2Estonia, RussiaPeipus
33%
5,650 km2SwedenVänern
33%
6,200 km2KyrgyzstanIssyk-Kul
27%
4,380 km2FinlandSaimaa
27%
3,200 km2EthiopiaTana
27%
6,405 km2Kenya, EthiopiaTurkana
20%
4,706 km2CanadaManitoba
13%
4,848 km2CanadaNipigon
13%
3,300 km2KazakhstanNorth Aral Sea
13%
4,489 km2ChinaQinghai
13%
6,650 km2CanadaReindeer
13%
4,560 km2RussiaTaymyr
13%
3,350 km2Mongolia, RussiaUvs
13%
3,115 km2CanadaAmadjuak
7%
3,000 km2ZambiaBangweulu
7%
3,833 km2CanadaDubawnt
7%
4,190 km2Russia, ChinaKhanka
7%
3,069 km2CanadaMelville
7%
5,120 km2Zambia, Democratic Republic of the CongoMweru
7%
5,542 km2CanadaNettilling
7%
3,210 km2ChinaPoyang
7%
3,955 km2Turkmenistan, UzbekistanSarygamysh
7%
5,370 km2CanadaWinniepegosis
7%

Score Distribution

Percentile by Number Answered

Percent of People with Each Score

Your Score History

You have not taken this quiz